000 01260nam a2200313 a 4500
001 ebr10190462
003 CaPaEBR
006 m u
007 cr cn|||||||||
008 060912s2007 mau sb 001 0 eng
010 _z 2006030129
020 _z0262072823 (cloth : alk. paper)
020 _z9780262072823 (cloth : alk. paper)
040 _aCaPaEBR
_cCaPaEBR
035 _a(OCoLC)614535892
050 1 4 _aK1447.15
_b.G55 2007eb
082 0 4 _a346.04/82
_222
100 1 _aGillespie, Tarleton.
245 1 0 _aWired shut
_h[electronic resource] :
_bcopyright and the shape of digital culture /
_cTarleton Gillespie.
260 _aCambridge, Mass. :
_bMIT Press,
_cc2007.
300 _aviii, 395 p.
504 _aIncludes bibliographical references (p. [345]-379) and index.
533 _aElectronic reproduction.
_bPalo Alto, Calif. :
_cebrary,
_d2013.
_nAvailable via World Wide Web.
_nAccess may be limited to ebrary affiliated libraries.
650 0 _aCopyright
_xElectronic information resources.
650 0 _aPiracy (Copyright)
655 7 _aElectronic books.
_2local
710 2 _aebrary, Inc.
856 4 0 _uhttp://site.ebrary.com/lib/rucke/Doc?id=10190462
_zAn electronic book accessible through the World Wide Web; click to view
999 _c234656
_d234656